000 00663nam a2200217Ia 4500
003 GCL
008 140319s9999 xx 000 0 ara d
040 _aGCL /
_cGCL
082 0 4 _aط
_b813.087
_bا م
100 1 _aفريد عباس (مترجم)
245 1 0 _aالفارس فى قلعة الظلام /
_cفريد عباس (مترجم)
700 1 _aدويل، ارثركونان
260 _a[S.N] :
_bدار الفكر العربى ،
_c1989
300 _a47 ص
490 _aمغامرات فارس
_v0
650 0 4 _aقصص البطولات
650 0 4 _aالاطفال
650 0 4 _aالقصص
650 0 4 _aقصص الاطفال
942 _2ddc
_cBK
999 _c58162
_d58162